| 000 | 00658nam a2200217Ia 4500 | ||
|---|---|---|---|
| 005 | 20241129104305.0 | ||
| 008 | 241129s9999||||xx |||||||||||||| ||und|| | ||
| 020 | _a9783030860721 | ||
| 037 | _aTextual | ||
| 040 |
_aRTL _beng _cRTL |
||
| 041 |
_aeng _2eng |
||
| 084 |
_aX9(Y):51 R3 _qRTL |
||
| 100 |
_aHemzo Miguel Angelo _9725630 |
||
| 245 | 0 |
_aMarketing luxury services: Concepts strategy and practice _cHemzo Miguel Angelo |
|
| 260 |
_aSwitzerland _bPalgrave Macmillan _c2023 |
||
| 300 | _axxi,212p. | ||
| 365 |
_aINR _bRs.4504.60 |
||
| 650 |
_aMarketing Services _9725631 |
||
| 942 |
_cTB _hX9(Y):51 R3 |
||
| 999 |
_c1225245 _d1225245 |
||